000 00262nam a22001217a 4500
082 _a346.022 KOS
100 _aKoshuma.M.M.H
245 _aThe law of Contract
260 _aDar es salaam
_c1983
300 _a70pg
_b32cm
650 _aStudents guide
942 _cBK
999 _c18168
_d18168